000 00281nam a2200109Ia 4500
008 220204s9999 xx 000 0 und d
082 _a82-3
_bMON
100 _aMonsarrat, Nicholas
245 0 _aMaster mariner. Book I. Running proud
260 _aLondon
_bCassell
_c1978
942 _cBK
999 _c33260
_d33260